Sejarah pembinaan hukum Islam

Bibliographic Details
Main Author: Mahmood Zuhdi b. Abdul Majid
Format: Book
Published: Kuala Lumpur : UM , 1992
Subjects:

MARC

LEADER 00000cam a2200000 7i4500
001 0000002015
002 000002201
005 20000330.0
020 |a 9679940306 
090 0 0 |a 297.14   |b MAH 
100 0 |a Mahmood Zuhdi b. Abdul Majid 
245 1 0 |a Sejarah pembinaan hukum Islam   |c Mahmood Zuhdi b.Abdul Majid 
260 |a Kuala Lumpur :   |b UM ,   |c 1992 
300 |a 265 p. ;   |c 23 cm. 
650 0 0 |a Islamic law   |x Interpretation and construction 
650 0 0 |a Islamic law   |x Sources 
999 |a 0009365   |b BUKU   |c PINJAMAN   |e PERPUSTAKAAN KOMUNITI PETALING JAYA